Les grands étangs de la Méditerranée française - Carte - Statistiques

Statistiques générales
  • Ce quiz a été pris 18 fois
  • Le résultat moyen est 4 sur 20
Réponses sur la Carte
Les réponses sont colorées sur une échelle allant du rouge au vert en fonction du pourcentage des utilisateurs qui les ont devinées à leur premier essai. Vous pouvez retrouver ces pourcentages ci-dessous.
 
Statistiques - réponses
Etang % Correct
de B{erre}
81%
de T{hau}
69%
de S{alses-Leucate} ou de L{eucate}
50%
de C{anet} ou de S{aint-Nazaire}
31%
de M{auguio} ou de l'O{r}
25%
de B{iguglia}
19%
de V{accarès}
19%
de V{ic}
19%
de B{ages} et de S{igean}
13%
de B{eauduc}
13%
de la P{alme}
13%
de D{iane}
6%
d'U{rbino}
6%
de B{olmon}
0%
de l'A{yrolle}
0%
de l'I{mpérial}
0%
du G{alabert}
0%
du L{airan}
0%
du M{éjean}
0%
du V{aisseau}
0%
Aucun quiz correspondant
Distribution des résultats
% des personnes avec chaque résultat
Percentile par nombre de réponses
Votre historique - résultats
Vous n’avez pas pris ce quiz